000 00666cam a22002413a 4500
001 20248
003 PGUSA
005 20140828083428.0
008 070102s2007||||xxu|||||s|||||000 | eng d
040 _aPGUSA
_beng
042 _adc
050 4 _aBL
100 1 _aBrooks, David Marshall,
_d1902-
245 1 4 _aThe Necessity of Atheism
_h[electronic resource] /
_cDavid Marshall Brooks
260 _bProject Gutenberg,
_c2007
506 _aPublic domain in the USA.
516 _aElectronic text
653 _aAtheism
653 _aReligion and science
830 0 _aProject Gutenberg
_v20248
856 4 0 _uhttp://www.gutenberg.org/ebooks/20248
942 _cEB
999 _c249503
_d249503